| 000 | 01278nac a22003371u 4500 | ||
|---|---|---|---|
| 003 | EG-ScBUE | ||
| 005 | 20220313132744.0 | ||
| 008 | 200219s2003 ua b f 001 0 eng d | ||
| 020 | _a977424799x | ||
| 020 | _a9789774247996 | ||
| 040 |
_aEG-ScBUE _beng _erda _cEG-ScBUE _dEG-ScBUE |
||
| 043 | _af-ua--- | ||
| 082 | 0 | 4 |
_a962.03 _bPOO _222 |
| 100 | 1 |
_aPoole, Sophia Lane, _d1804-1891, _eauthor. _941712 |
|
| 245 | 1 | 4 |
_aThe English woman in Egypt : _bletters from Cairo written during a residence there in 1842-46 / _cby Sophia Poole ; edited with an introduction and notes by Azza Kararah. |
| 264 | 1 |
_aCairo : _bThe American University in Cairo Press, _c2003. |
|
| 300 |
_axix, 257 pages : _bmaps ; _c25 cm |
||
| 336 |
_2rdacontent _atext _btxt |
||
| 337 |
_2rdamedia _aunmediated _bn |
||
| 338 |
_2rdacarrier _avolume _bnc |
||
| 500 | _aIncludes Index. | ||
| 600 | 1 | 7 |
_aPoole, Sophia Lane, _d1804-1891 _xTravel _zEgypt. _2BUEsh _941712 |
| 650 | 7 |
_aEnglish Woman-Egypt. _2BUEsh |
|
| 651 | 7 |
_aEgypt _xSocial life and customs _y19th century. _2BUEsh |
|
| 651 | 7 |
_aEgypt _xDescription and travel. _2BUEsh |
|
| 653 |
_bGGEN _cMarch2022 |
||
| 655 |
_vReading book _934232 |
||
| 700 | 1 |
_aKararah, Azza, _eeditor. |
|
| 942 |
_cBB _2ddc |
||
| 999 |
_c3059 _d3059 |
||